Essays in physics (Record no. 4199)

MARC details
000 -LEADER
fixed length control field 00568nam a2200205Ia 4500
003 - CONTROL NUMBER IDENTIFIER
control field IN-BaIIA
008 - FIXED-LENGTH DATA ELEMENTS--GENERAL INFORMATION
fixed length control field 211028s9999 xx 000 0 eng d
020 ## - INTERNATIONAL STANDARD BOOK NUMBER
International Standard Book Number 0-12-184803-5
040 ## - CATALOGING SOURCE
Transcribing agency IIA Library
080 ## - UNIVERSAL DECIMAL CLASSIFICATION NUMBER
Universal Decimal Classification number 530.1
Item number ESS-3
245 #0 - TITLE STATEMENT
Title Essays in physics
Remainder of title vol. 3
Statement of responsibility, etc. edited by G. K. T. Conn and G. N. Fowler
260 ## - PUBLICATION, DISTRIBUTION, ETC.
Place of publication, distribution, etc. London
Name of publisher, distributor, etc. Academic Press
Date of publication, distribution, etc. 1971
300 ## - PHYSICAL DESCRIPTION
Extent ix, 169p.
650 ## - SUBJECT ADDED ENTRY--TOPICAL TERM
Topical term or geographic name entry element NASA thesaurus
650 ## - SUBJECT ADDED ENTRY--TOPICAL TERM
Topical term or geographic name entry element Physics
9 (RLIN) 73
650 ## - SUBJECT ADDED ENTRY--TOPICAL TERM
Topical term or geographic name entry element Theoretical physics
9 (RLIN) 1581
700 ## - ADDED ENTRY--PERSONAL NAME
Personal name Conn, G. K. T., ed.
9 (RLIN) 7376
700 ## - ADDED ENTRY--PERSONAL NAME
Personal name Folwler, G. N.
9 (RLIN) 7377
942 ## - ADDED ENTRY ELEMENTS (KOHA)
Koha item type Books
Holdings
Withdrawn status Lost status Damaged status Not for loan Home library Current library Shelving location Date acquired Cost, normal purchase price Total Checkouts Full call number Barcode Date last seen Cost, replacement price Price effective from Koha item type Purchase Price
        IIA Library-Bangalore IIA Library-Bangalore General Stacks 23/04/1973 33.25   530.1/ ESS-3 4689 05/11/2021 33.25 23/04/1973 Books Rs. 33.25

Powered by Koha